000 00480nam a2200157Ia 4500
999 _c27887
_d27887
003 OSt
005 20210107133704.0
008 201231b ||||| |||| 00| 0 eng d
040 _coclc
082 _a494.81282421
_bMAR/M
100 _97066
_aMarar, Kuttikrishna
245 _aMalayala Saili /
_cKuttikrishna Marar
260 _aKozhikode:
_bMarar Sahithya Prakasam,
_c2003.
300 _a156p
942 _2ddc
_cBK
_h494.81282421
_iMAR/M
_k494.81282421
_mMAR/M